Okno v kamennyj vek

Bibliographic Details
Main Author: Brinke, Josef, 1934-2001 (Author)
Format: Book
Language:Undetermined
PhysicalDescription:202 s.
Published: Moskva Mysľ 1975

MARC

LEADER 00000nam a2200000 a 4500
001 vtls001281470
003 SK-MaSNL
005 20260301234826.0
008 240314s1975 xx 0 und
035 |a SNK000232889 
040 |a SNK  |b slo  |c SNK  |e AACR2 
100 1 |a Brinke, Josef,  |d 1934-2001  |4 aut  |9 198204 
245 1 0 |a Okno v kamennyj vek 
260 |a Moskva  |b Mysľ  |c 1975 
300 |a 202 s. 
958 |a OND 
999 |c 972045  |d 973975 
952 |t P60, <04>, [BOOK], {604}  |a SNK  |b SNK  |y VYP  |7 0  |p 17A0058266  |o snkIC 63819  |0 0  |1 0  |4 0  |d 1997-03-27  |l 0  |r 2005-01-02 00:00:00  |w 2026-02-24